| Поле | Инд. | ПП | Название | Значение |
|---|---|---|---|---|
| Тип записи | a | |||
| Библиографический уровень | b | |||
| 001 | Контрольный номер | RU/IS/BASE/126880497 | ||
| 005 | Дата корректировки | 20200522190817.8 | ||
| 084 | a | Индекс другой классификации/Индекс ББК | 60.51(4Гем)5-82 | |
| a | Индекс другой классификации/Индекс ББК | 60.541 | ||
| a | Индекс другой классификации/Индекс ББК | 66.1(4Гем)5-194 | ||
| a | Индекс другой классификации/Индекс ББК | 65.02(0)5 | ||
| 100 | 1_ | a | Автор | Рахманов А. Б. |
| 245 | a | Заглавие | Теории классов и классовой борьбы К. Маркса и М. Вебера | |
| 504 | a | Библиография | Библиогр. ссылки. - Примеч. | |
| 600 | a | Персоналии | Вебер Макс | |
| a | Персоналии | Маркс Карл | ||
| 650 | a | Основная рубрика | история политических учений | |
| a | Основная рубрика | история социологии | ||
| a | Основная рубрика | история экономических учений | ||
| a | Основная рубрика | политика | ||
| a | Основная рубрика | социология | ||
| a | Основная рубрика | социология групп | ||
| a | Основная рубрика | экономика | ||
| 653 | a | Ключевые слова | XIX век | |
| a | Ключевые слова | XX век | ||
| a | Ключевые слова | буржуазия | ||
| a | Ключевые слова | Германия | ||
| a | Ключевые слова | капиталистическое общество | ||
| a | Ключевые слова | классовая борьба | ||
| a | Ключевые слова | люмпены | ||
| a | Ключевые слова | марксизм | ||
| a | Ключевые слова | наемные работники | ||
| a | Ключевые слова | новое время | ||
| a | Ключевые слова | общественные отношения | ||
| a | Ключевые слова | политическая экономия | ||
| a | Ключевые слова | пролетариат | ||
| a | Ключевые слова | рабочие | ||
| a | Ключевые слова | сословия | ||
| a | Ключевые слова | социальная стратификация | ||
| a | Ключевые слова | социальная структура | ||
| a | Ключевые слова | социальные классы | ||
| a | Ключевые слова | социологическая теория | ||
| a | Ключевые слова | экономическая теория | ||
| 773 | t | Заглавие источника | Вестник Московского университета. Серия 18, Социология и политология | |
| d | Дата издания источника | 2003 | ||
| g | Прочая информация | № 4. - С. 66 - 99 : схем. | ||
| w | Контрольный № источника | RU/IS/BASE/124899300 | ||
| 901 | t | Тип документа | b |